00376nam a2200145Ia 4500008004100000020001500041041001200056082001600068100001500084245007400099250000800173260002500181300000800206650001600214221030s9999 xx 000 0 und d a0074626291 aEnglish a105.23bHal aD. V. Hall 0aMicroprocessors & Interfacing - Programming & Hardwarecby D. V. Hall a2nd bTMHaNew Delhic2000 a624 aBE Computer